000 00688pam a2200253 a 4500
001 3788400
003 OSt
005 20180116183009.0
008 841005t19851984nyu 000 1 eng
010 _a 84040480
020 _a0394542274
040 _aDLC
_cDLC
_dDLC
050 0 0 _aPS3558.Y36
_bM3 1985
082 0 0 _a813/.54 HYD 1986
100 1 _aHyde, Christopher,
_d1949-
245 1 0 _aMaxwell's train /
_cChristopher Hyde.
250 _a1st ed.
260 _aNew York :
_bVillard Books,
_c1985, c1984.
300 _a273 p. ;
_c25 cm.
440 _aMaxwell's train /
600 _aHyde, Christopher
906 _a7
_bcbc
_corignew
_d1
_eocip
_f19
_gy-gencatlg
942 _2ddc
_cBK
999 _c350179
_d350179